000 00483nam a2200181Ia 4500
003 GCL
008 140319s9999 xx 000 0 ara d
040 _aGCL /
_cGCL
082 0 4 _a811.9
_bز ك
100 1 _aزكى عمر
245 1 0 _aكلام عن الادهم : شعر بالعامية المصرية /
_cزكى عمر
300 _a80 ص
490 _a
650 0 4 _aالشعر العربى
650 0 4 _aالادب العربى
650 0 4 _aالادب
942 _2ddc
_cBK
999 _c42162
_d42162